Capitali sopra i 2000 m di altitudine - Statistics

Statistiche generali
  • Questo quiz è stato fatto 11 volte
  • Il punteggio medio è 6 su 9
Statistiche sulle risposte
Altitudine (m) Continente Capitale % Corretto
3 640 America del Sud La Paz
91%
2 850 America del Sud Quito
91%
2 240 America del Nord Città del Messico
82%
2 625 America del Sud Bogotà
73%
2 790 America del Sud Sucre
73%
2 355 Africa Addis Abeba
64%
2 334 Asia Thimphu
64%
2 325 Africa Asmara
27%
2 250 Asia Sana'a
0%
Nessun quiz corrispondente trovato
Distribuzione punteggi
Percentuale di utenti per punteggio
Percentile per numero di risposta
I tuoi punteggi nel tempo
Non hai fatto questo quiz